[Event "Burjassot U2200 op 5th"]
[Site "Burjassot"]
[Date "2017.10.06"]
[Round "5"]
[White "Cortes Velez, Manuel"]
[Black "Reig Rodrigo, Pau"]
[Result "1/2-1/2"]
[WhiteElo "1706"]
[BlackElo "1467"]
[PlyCount "114"]
[EventDate "2017.09.08"]
[EventType "swiss"]
[EventRounds "7"]
[EventCountry "ESP"]
[SourceTitle "EXT 2024"]
[Source "ChessBase"]
[SourceDate "2023.10.10"]
[SourceVersion "1"]
[SourceVersionDate "2023.10.10"]
[SourceQuality "1"]

1. e4 e6 2. Nc3 d5 3. exd5 exd5 4. d4 Nf6 5. Be2 Be6 6. Be3 Bb4 7. Qd3 Ne4 8. Qb5+ Nc6 9. Qxb7 Bd7 10. a3 Rb8 11. Qa6 Rb6 12. Qd3 Nxc3 13. axb4 Nxe2 14. Qxe2 0-0 15. Qd2 Rxb4 16. c3 Rb3 17. Ne2 Qb8 18. Ra2 Re8 19. 0-0 Ne7 20. Nc1 Rb7 21. Nd3 Bb5 22. b4 Rb6 23. Rfa1 Nc6 24. Nc5 Qc8 25. Re1 Qf5 26. Raa1 Rbb8 27. g3 Qh3 28. Bf4 Rbc8 29. Rxe8+ Rxe8 30. Re1 Rc8 31. Qe3 h6 32. Qf3 Bc4 33. Nd3 Kh7 34. Ne5 Nxe5 35. dxe5 Re8 36. Qg2 Qe6 37. Bd2 f6 38. f4 fxe5 39. Rxe5 Qd7 40. Rxe8 Qxe8 41. g4 Qe2 42. Qxe2 Bxe2 43. h3 g6 44. Kf2 Bd3 45. Ke3 Be4 46. Kd4 Bg2 47. h4 Bf3 48. g5 c6 49. Kc5 hxg5 50. hxg5 Kg7 51. Be3 a6 52. Bd4+ Kf7 53. Kxc6 Ke6 54. Kb6 Be2 55. Ka5 Bc4 56. Kb6 Kf5 57. Be5 Ke6 1/2-1/2

[Event "Valencia Region-ch Segunda"]
[Site "Valencia"]
[Date "2016.11.19"]
[Round "7"]
[White "Reig Rodrigo, Pau"]
[Black "Izquierdo Carbellido, Pablo"]
[Result "1-0"]
[WhiteElo "1485"]
[BlackElo "1553"]
[PlyCount "53"]
[EventDate "2016.10.01"]
[EventType "swiss"]
[EventRounds "7"]
[EventCountry "ESP"]
[SourceTitle "EXT 2024"]
[Source "ChessBase"]
[SourceDate "2023.10.10"]
[SourceVersion "1"]
[SourceVersionDate "2023.10.10"]
[SourceQuality "1"]

1. d4 Nf6 2. c4 e6 3. Nc3 Bb4 4. Qc2 c5 5. a3 cxd4 6. axb4 dxc3 7. bxc3 b6 8. e4 d6 9. Bd3 Nc6 10. f4 Bb7 11. Nf3 a5 12. b5 Ne7 13. 0-0 Nd7 14. Be3 h6 15. Ra4 Nc5 16. Bxc5 dxc5 17. Be2 Qc7 18. Ne5 g5 19. Bh5 Rf8 20. Bxf7+ Rxf7 21. Nxf7 Kxf7 22. fxg5+ Kg7 23. gxh6+ Kxh6 24. Qd2+ Kg7 25. Qg5+ Ng6 26. Qf6+ Kh7 27. Qf7+ 1-0

[Event "Burjassot U2200 op 4th"]
[Site "Burjassot"]
[Date "2016.09.30"]
[Round "4.31"]
[White "Reig Rodrigo, Pau"]
[Black "Parra Munoz, Juan Enrique"]
[Result "1-0"]
[WhiteElo "1475"]
[BlackElo "1102"]
[PlyCount "65"]
[EventDate "2016.09.09"]
[EventType "swiss"]
[EventRounds "7"]
[EventCountry "ESP"]
[SourceTitle "EXT 2024"]
[Source "ChessBase"]
[SourceDate "2023.10.10"]
[SourceVersion "1"]
[SourceVersionDate "2023.10.10"]
[SourceQuality "1"]

1. d4 c6 2. c4 d5 3. e3 Bf5 4. Nc3 e6 5. Nf3 Bd6 6. c5 Bc7 7. Bd2 Nf6 8. Be2 0-0 9. Nh4 Nbd7 10. Nxf5 exf5 11. 0-0 Re8 12. b4 Re6 13. b5 Ne4 14. Nxe4 fxe4 15. bxc6 bxc6 16. Bg4 Rh6 17. g3 Nf6 18. Be2 Qd7 19. f4 exf3 20. Bxf3 Qh3 21. Qe2 Re8 22. Qg2 Qxg2+ 23. Kxg2 Re6 24. e4 Rg6 25. exd5 cxd5 26. Rfe1 Rxe1 27. Rxe1 h6 28. Re7 Bb8 29. Rb7 Bxg3 30. hxg3 Ne8 31. Bxd5 Ra6 32. Rxf7 Rxa2 33. Rxa7+ 1-0